000 01008nam a22002537a 4500
003 NALT
005 20251125232939.0
008 s2536 th tha d
040 _aNALT
041 _atha
050 _aJS7403.141 ช682ผ 2536
086 _aมท04 10/2536
100 0 _aชูวงศ์ ฉายะบุตร
245 1 0 _aผู้ว่าราชการจังหวัด
260 3 _aกรุงเทพฯ :
_bโรงพิมพ์ส่วนท้องถิ่น กรมการปกครอง,
_c2536
300 _a87 หน้า ;
_b 21 ซม.
650 0 4 _aสภาตำบล
650 0 4 _aผู้ว่าราชการจังหวัด -- การเลือกตั้ง
650 0 4 _aผู้ว่าราชการจังหวัด
850 _aNALT
856 4 0 _uhttps://hdl.handle.net/20.500.14156/336089
942 _cGB
_2lcc
999 _c41157
_d41157
998 _j109
_k อารีรัตน์ วิชาช่าง